[Event "III C.to Unione Europea"]
[Site "Arvier ITA"]
[Date "2007.06.23"]
[Round "9"]
[White "Mortola, Alberto"]
[Black "Scanferla, Paolo"]
[Result "0-1"]
[WhiteElo "1910"]
[BlackElo "1707"]
[PlyCount "58"]
[EventDate "2007.06.15"]

1. e4 e5 2. f4 exf4 3. Nf3 g5 4. Bc4 d6 5. h4 f6 6. d4 h5 7. Nc3 c6 8. Qd3 Qe7
9. Bxf4 gxf4 10. O-O-O Be6 11. Rhe1 Bxc4 12. Qxc4 Nd7 13. e5 O-O-O 14. Nd5 Qg7
15. Nxf4 Nb6 16. Qe6+ Qd7 17. Qb3 Bh6 18. g3 Qg4 19. Kb1 Bxf4 20. gxf4 fxe5 21.
dxe5 d5 22. Ng5 Nh6 23. e6 Qxf4 24. e7 Rde8 25. Ne6 Qxh4 26. Ng7 Rxe7 27. Rh1
Qg5 28. Nxh5 Rhe8 29. Rdg1 Qxg1+ 0-1

[Event "III C.to Unione Europea"]
[Site "Arvier ITA"]
[Date "2007.06.23"]
[Round "9"]
[White "Pace, Colin"]
[Black "Bossoni, Mario"]
[Result "1-0"]
[WhiteElo "2146"]
[BlackElo "1964"]
[PlyCount "65"]
[EventDate "2007.06.15"]

1. e4 c5 2. Nf3 e6 3. d4 cxd4 4. Nxd4 Nf6 5. Nc3 d6 6. Bc4 Nc6 7. Be3 Be7 8.
O-O a6 9. Bb3 O-O 10. f4 Nxd4 11. Bxd4 b5 12. e5 dxe5 13. fxe5 Nd7 14. Qf3 Nb6
15. Rad1 Qc7 16. Ne4 Bb7 17. Qg4 Bxe4 18. Qxe4 Bc5 19. c3 Rad8 20. Rf3 Bxd4+
21. cxd4 g6 22. Qh4 Nd5 23. Rh3 f5 24. exf6 Rf7 25. Rf3 Qd7 26. Qg5 Nc7 27.
Rfd3 Re8 28. Qe5 a5 29. a3 Ref8 30. Rf3 Rd8 31. Re3 Re8 32. Rde1 Qc6 33. Rc3
1-0

[Event "III C.to Unione Europea"]
[Site "Arvier ITA"]
[Date "2007.06.24"]
[Round "10"]
[White "Bogatto, Mario"]
[Black "Cornaggia, Ranieri"]
[Result "0-1"]
[WhiteElo "1528"]
[BlackElo "1548"]
[PlyCount "116"]
[EventDate "2007.06.15"]

1. Nf3 Nc6 2. c4 Nf6 3. Nc3 g6 4. d3 Bg7 5. Bg5 d6 6. Qd2 h6 7. Bf4 e5 8. Be3
Be6 9. a3 Ng4 10. h3 Nxe3 11. Qxe3 d5 12. cxd5 Bxd5 13. Nd2 Nd4 14. Rc1 c6 15.
Nxd5 cxd5 16. g3 Rc8 17. Nf3 Nc2+ 18. Rxc2 Rxc2 19. Nxe5 O-O 20. f4 Rxb2 21.
Kf2 Re8 22. d4 f6 23. Qc3 Qb6 24. Nd3 Rb3 25. Qc1 Qxd4+ 26. e3 Qb6 27. Be2 Rxa3
28. Rd1 Rb3 29. Bf3 Qb5 30. Be2 Qc6 31. Qxc6 bxc6 32. Kf3 f5 33. Kf2 d4 34. Ne5
Bxe5 35. Bc4+ Kg7 36. Bxb3 dxe3+ 37. Kf3 Bf6 38. Ke2 c5 39. Rd3 Bd4 40. Bd1 Rb8
41. Rb3 Rxb3 42. Bxb3 Kf6 43. Bc4 g5 44. Kf3 a5 45. Bb3 g4+ 46. hxg4 fxg4+ 47.
Ke2 h5 48. Bc4 a4 49. Ba2 a3 50. Bc4 h4 51. gxh4 Kf5 52. h5 Kxf4 53. Kf1 Kg5
54. h6 Kxh6 55. Kg2 Kh5 56. Bf7+ Kh4 57. Bc4 a2 58. Bxa2 e2 0-1

[Event "III C.to Unione Europea"]
[Site "Arvier ITA"]
[Date "2007.06.24"]
[Round "10"]
[White "Occhipinti, Massimo"]
[Black "Dritsakos, Alessio"]
[Result "1-0"]
[WhiteElo "2020"]
[BlackElo "1506"]
[PlyCount "78"]
[EventDate "2007.06.15"]

1. e4 e5 2. Nf3 Nf6 3. d4 Nxe4 4. Bd3 d5 5. dxe5 Be7 6. O-O O-O 7. c4 f5 8.
Nbd2 Nxd2 9. Bxd2 Nc6 10. cxd5 Qxd5 11. Qe2 Be6 12. Bc3 Nb4 13. Bxb4 Bxb4 14.
Ng5 Kh8 15. Nxe6 Qxe6 16. a3 Ba5 17. Bc4 Qe7 18. f4 Rad8 19. Rfd1 Rd2 20. Rxd2
Bxd2 21. Qxd2 Qc5+ 22. Kf1 Qxc4+ 23. Ke1 Qc5 24. Ke2 Qc4+ 25. Kf2 Qc5+ 26. Kf1
Qc4+ 27. Kg1 Qc5+ 28. Kh1 Kg8 29. Rc1 Qb5 30. g3 c6 31. Rd1 h6 32. b4 Qa6 33.
Qa2+ Kh7 34. Kg2 c5 35. bxc5 Qc6+ 36. Qd5 Qa4 37. e6 Qb5 38. Rd2 Qe8 39. Qd7
Qxd7 1-0

[Event "III C.to Unione Europea"]
[Site "Arvier ITA"]
[Date "2007.06.24"]
[Round "10"]
[White "Perrone, Samuel"]
[Black "Bellia, Mario"]
[Result "1-0"]
[WhiteElo "1416"]
[BlackElo "1407"]
[PlyCount "101"]
[EventDate "2007.06.15"]

1. e4 g6 2. d4 Bg7 3. Nf3 Nf6 4. Nc3 e6 5. Bg5 h6 6. Be3 a6 7. a4 O-O 8. Bc4 d6
9. O-O Nbd7 10. h3 c6 11. Qd2 Kh7 12. Rfe1 Rh8 13. Bd3 Nf8 14. e5 Ng8 15. g4
dxe5 16. dxe5 Qc7 17. Bf4 Bd7 18. h4 Be8 19. h5 Rd8 20. g5 Nd7 21. gxh6 Nxh6
22. hxg6+ Kg8 23. gxf7+ Bxf7 24. Kg2 Ng4 25. Rh1 Rxh1 26. Rxh1 Ngxe5 27. Bh6
Nxf3 28. Kxf3 Ne5+ 29. Ke2 Nxd3 30. cxd3 Qe5+ 31. Kd1 Bg6 32. Bxg7 Kxg7 33. Rh3
Bh5+ 34. Kc2 Rh8 35. Rg3+ Kf7 36. Qg5 Qxg5 37. Rxg5 Bg6 38. Rg2 Rh3 39. Rg3 Rh2
40. Rf3+ Bf5 41. Ne4 Ke7 42. Nc5 b5 43. Nxa6 bxa4 44. Nc5 Rh4 45. Kc3 Kd6 46.
d4 Be4 47. Re3 Kd5 48. Nxa4 e5 49. Nb6+ Ke6 50. dxe5 Kxe5 51. f3 1-0

[Event "III C.to Unione Europea"]
[Site "Arvier ITA"]
[Date "2007.06.24"]
[Round "10"]
[White "Pistone, Salvatore"]
[Black "Fox, Pierre"]
[Result "1-0"]
[WhiteElo "1625"]
[BlackElo "1832"]
[PlyCount "53"]
[EventDate "2007.06.15"]

1. c4 c5 2. Nc3 Nc6 3. Nf3 g6 4. g3 Bg7 5. Bg2 b6 6. d3 Bb7 7. e4 Nd4 8. O-O e6
9. Bd2 a6 10. a4 Ne7 11. Nxd4 Bxd4 12. Bh6 Qc7 13. Qd2 Nc6 14. Ra3 d6 15. Ne2
Bf6 16. f4 e5 17. Nc3 Nd4 18. fxe5 Bxe5 19. Bg5 O-O 20. Bf6 Rae8 21. Qh6 Bxf6
22. Rxf6 Re5 23. Ra1 Qe7 24. Raf1 Rh5 25. Qf4 Re5 26. Qh4 Rh5 27. Rxg6+ 1-0

[Event "III C.to Unione Europea"]
[Site "Arvier ITA"]
[Date "2007.06.24"]
[Round "10"]
[White "Scanferla, Paolo"]
[Black "De Marco, Walter"]
[Result "1-0"]
[WhiteElo "1707"]
[BlackElo "1992"]
[PlyCount "64"]
[EventDate "2007.06.15"]

1. e4 e6 2. Qe2 c5 3. f4 Nf6 4. Nf3 Nc6 5. g3 Be7 6. d3 b6 7. Bh3 Qc7 8. O-O
Bb7 9. Be3 h5 10. Na3 a6 11. Nh4 b5 12. c3 d5 13. e5 Nd7 14. Nc2 Qd8 15. Nf3
Qc7 16. d4 c4 17. b3 Na5 18. b4 Nc6 19. a4 Nb6 20. axb5 axb5 21. Rxa8+ Bxa8 22.
f5 Kd7 23. fxe6+ fxe6 24. Ng5 Nd8 25. Nf7 Nxf7 26. Rxf7 Qd8 27. Bg5 Nc8 28. Qf3
Qe8 29. Bxe6+ Kd8 30. Qf4 Bc6 31. Ne3 Bd7 32. Bxd5 Rf8 1-0

[Event "III Open A"]
[Site "Livorno ITA"]
[Date "2007.06.16"]
[Round "1"]
[White "Franceschi, Riccardo"]
[Black "Valbuena, Oliver"]
[Result "1/2-1/2"]
[WhiteElo "2196"]
[BlackElo "1936"]
[PlyCount "92"]
[EventDate "2007.06.16"]

1. e4 c5 2. c3 Nf6 3. e5 Nd5 4. Nf3 e6 5. g3 d6 6. Bg2 Nc6 7. d4 cxd4 8. cxd4
dxe5 9. O-O exd4 10. Nxd4 Bc5 11. Nxc6 bxc6 12. Nc3 O-O 13. Ne4 Bb6 14. Bd2 Bb7
15. Qc2 h6 16. Rfd1 Qe7 17. Rac1 Rfc8 18. Nc5 Bxc5 19. Qxc5 Qxc5 20. Rxc5 Kf8
21. Rdc1 Ke7 22. b4 a6 23. a4 Kd7 24. f4 Rab8 25. Bf1 Ra8 26. Kf2 f6 27. Kf3 g5
28. Bd3 gxf4 29. gxf4 h5 30. Be4 f5 31. Bd3 Rg8 32. Bc4 h4 33. Be1 Rh8 34. Bxd5
exd5 35. Bc3 Rhg8 36. Bf6 h3 37. Re1 Rae8 38. Rxe8 Rxe8 39. Be5 Rg8 40. Rc2 d4
41. Ke2 Rg1 42. Bxd4 Rh1 43. Kd3 c5 44. Bxc5 Bg2 45. Ke2 Rxh2 46. Rc1 Rh1
1/2-1/2

[Event "III Open A"]
[Site "Livorno ITA"]
[Date "2007.06.16"]
[Round "1"]
[White "Gazzarri, Alberto"]
[Black "Sciortino, Massimo"]
[Result "0-1"]
[WhiteElo "2096"]
[BlackElo "2254"]
[PlyCount "67"]
[EventDate "2007.06.16"]

1. e4 d6 2. d4 Nf6 3. Nc3 g6 4. Nf3 Bg7 5. Be3 c6 6. h3 b5 7. Bd3 b4 8. Ne2
Nbd7 9. Qd2 Qb6 10. O-O O-O 11. e5 Nd5 12. Bh6 dxe5 13. dxe5 Nc5 14. Bxg7 Kxg7
15. Ng3 Nxd3 16. cxd3 Ba6 17. Rfe1 Rad8 18. Re4 h6 19. Rae1 c5 20. Rh4 Rh8 21.
Ree4 Nc7 22. d4 Qe6 23. Reg4 Bc8 24. Nh5+ Kf8 25. Nf4 Qxa2 26. Nxg6+ fxg6 27.
Rxh6 Qb1+ 28. Kh2 Rg8 29. Rf4+ Ke8 30. Rh7 Be6 31. Ng5 Rd7 32. Nxe6 Nxe6 33.
Rff7 Nf8 34. Qf4 0-1

[Event "III Open A"]
[Site "Livorno ITA"]
[Date "2007.06.16"]
[Round "1"]
[White "Gazzarri, Leonardo"]
[Black "Contini, Davide"]
[Result "1/2-1/2"]
[WhiteElo "1845"]
[BlackElo "2167"]
[PlyCount "37"]
[EventDate "2007.06.16"]

1. e4 c5 2. c3 d5 3. exd5 Qxd5 4. d4 cxd4 5. cxd4 e6 6. Nc3 Bb4 7. Qa4+ Nc6 8.
Qxb4 Nxb4 9. Nxd5 Nxd5 10. Bd2 Bd7 11. Nf3 f6 12. Bd3 Nge7 13. O-O O-O 14. Rac1
Nc6 15. a3 Rac8 16. Rfe1 Nce7 17. Rxc8 Rxc8 18. g3 Kf7 19. Bc1 1/2-1/2

[Event "III Open A"]
[Site "Livorno ITA"]
[Date "2007.06.16"]
[Round "1"]
[White "Hautala, Roman"]
[Black "Giuntoli, Andrea"]
[Result "1-0"]
[WhiteElo "2235"]
[BlackElo "2084"]
[PlyCount "119"]
[EventDate "2007.06.16"]

1. e4 e5 2. Nf3 Nc6 3. Bb5 a6 4. Bxc6 dxc6 5. O-O Qd6 6. d4 Bg4 7. dxe5 Bxf3 8.
exd6 Bxd1 9. d7+ Kxd7 10. Rxd1+ Ke6 11. Be3 Nf6 12. f3 Bd6 13. Nd2 c5 14. Nc4
Rad8 15. Rd2 Rd7 16. Rad1 Rhd8 17. g3 b6 18. Bg5 Be7 19. Rxd7 Rxd7 20. Rxd7
Nxd7 21. Bxe7 Kxe7 22. Kf2 c6 23. Ke3 b5 24. Na5 Kd6 25. f4 f6 26. Nb3 Nb6 27.
Nd2 c4 28. Nf3 Nd7 29. g4 a5 30. Nd4 g6 31. h4 b4 32. Nf3 c5 33. g5 Ke6 34.
gxf6 Kxf6 35. Ng5 h6 36. e5+ Ke7 37. Nf3 Ke6 38. Ke4 a4 39. Nh2 b3 40. cxb3
cxb3 41. axb3 axb3 42. Ng4 h5 43. Ne3 Nb6 44. Kd3 Nd7 45. Kc4 Nxe5+ 46. fxe5
Kxe5 47. Kxb3 Kf4 48. Ng2+ Kg3 49. Kc4 Kxg2 50. Kxc5 Kh3 51. b4 Kxh4 52. b5 g5
53. Kd4 g4 54. Ke3 Kg3 55. b6 h4 56. b7 Kh2 57. b8=Q+ g3 58. Kf3 Kh3 59. Qb2 g2
60. Qxg2# 1-0

[Event "III Open A"]
[Site "Livorno ITA"]
[Date "2007.06.16"]
[Round "1"]
[White "Mrdja, Milan"]
[Black "Corso, Roberto"]
[Result "1-0"]
[WhiteElo "2367"]
[BlackElo "2101"]
[PlyCount "99"]
[EventDate "2007.06.16"]

1. e4 c6 2. d4 d5 3. e5 c5 4. dxc5 e6 5. Be3 Nh6 6. c3 Nf5 7. Bd4 Be7 8. Nf3
Nd7 9. b4 Qc7 10. Bd3 Nxd4 11. cxd4 b6 12. Nc3 a6 13. O-O O-O 14. Re1 Re8 15.
Rc1 Nf8 16. Na4 bxc5 17. bxc5 Ra7 18. Qd2 Bd7 19. Nb6 Bb5 20. Bb1 Nd7 21. Qc2
g6 22. a4 Bc6 23. Qb2 f6 24. exf6 Bxf6 25. a5 Nb8 26. Bd3 Qg7 27. Ne5 Bd8 28.
h3 Bg5 29. Rcd1 Bd8 30. Qc3 Bf6 31. Bf1 Rf8 32. Qb3 Bh4 33. g3 Bf6 34. h4 Qh6
35. Re3 Qg7 36. f4 Re7 37. Kh2 Kh8 38. Qc3 Be8 39. Rde1 h6 40. Nc8 Bxe5 41.
Rxe5 Nc6 42. Nxe7 Nxe5 43. Rxe5 Qxe7 44. Qe3 Qb7 45. Rxe6 Bf7 46. Rb6 Qd7 47.
c6 Qg4 48. Qe2 Qc8 49. Bh3 Qd8 50. Qe5+ 1-0

[Event "III Open A"]
[Site "Livorno ITA"]
[Date "2007.06.16"]
[Round "1"]
[White "Riccio, Eros"]
[Black "Soventi, Maurizio"]
[Result "1-0"]
[WhiteElo "2164"]
[BlackElo "1838"]
[PlyCount "47"]
[EventDate "2007.06.16"]

1. e4 e6 2. d4 d5 3. Nc3 dxe4 4. Nxe4 Nd7 5. Nf3 Ngf6 6. Ng3 Be7 7. Bc4 O-O 8.
Qe2 b6 9. Bd2 Bb7 10. O-O-O Bd5 11. Bxd5 exd5 12. Ne5 Nxe5 13. dxe5 Nd7 14. Nf5
Re8 15. Qg4 g6 16. Nh6+ Kg7 17. Nxf7 Kxf7 18. e6+ Kg8 19. exd7 Rf8 20. Qe6+ Rf7
21. Qxd5 Rb8 22. Rhe1 Qf8 23. Rxe7 Qxe7 24. Bg5 1-0

[Event "III Open A"]
[Site "Livorno ITA"]
[Date "2007.06.16"]
[Round "1"]
[White "Wagman, Stuart"]
[Black "Djuric, Stefan"]
[Result "0-1"]
[WhiteElo "2112"]
[BlackElo "2460"]
[PlyCount "45"]
[EventDate "2007.06.16"]

1. e4 c5 2. Nf3 Nc6 3. d4 cxd4 4. Nxd4 Nf6 5. Nc3 e6 6. g3 Bb4 7. Bg2 d5 8. O-O
Bxc3 9. bxc3 Nxd4 10. cxd4 Nxe4 11. c4 O-O 12. Ba3 Re8 13. Re1 Qa5 14. cxd5
exd5 15. f3 Qxa3 16. fxe4 dxe4 17. Bxe4 Be6 18. Bxb7 Rab8 19. Bg2 Red8 20. Rb1
Rbc8 21. Qd2 h6 22. Qb4 Qxa2 23. Ra1 0-1

[Event "III Open A"]
[Site "Livorno ITA"]
[Date "2007.06.17"]
[Round "2"]
[White "Contini, Davide"]
[Black "Riccio, Eros"]
[Result "1/2-1/2"]
[WhiteElo "2167"]
[BlackElo "2164"]
[PlyCount "41"]
[EventDate "2007.06.16"]

1. e4 c5 2. Nf3 d6 3. d4 cxd4 4. Nxd4 Nf6 5. Nc3 a6 6. Bg5 e6 7. Qd2 Be7 8. f3
O-O 9. O-O-O b5 10. g4 Bb7 11. h4 Nbd7 12. Bxf6 Nxf6 13. Bd3 Rc8 14. Nce2 d5
15. e5 Nd7 16. f4 Qc7 17. g5 Nc5 18. h5 Nxd3+ 19. Qxd3 Qc4 20. Kb1 Qxd3 21.
Rxd3 1/2-1/2

[Event "III Open A"]
[Site "Livorno ITA"]
[Date "2007.06.17"]
[Round "2"]
[White "Corso, Roberto"]
[Black "Bardi, Massimo"]
[Result "1-0"]
[WhiteElo "2101"]
[BlackElo "2072"]
[PlyCount "91"]
[EventDate "2007.06.16"]

1. d4 g6 2. c4 Bg7 3. Nc3 d6 4. e4 e5 5. d5 f5 6. Bd3 Nf6 7. Bg5 f4 8. f3 Na6
9. Nge2 Nc5 10. b4 Nxd3+ 11. Qxd3 h6 12. Bh4 g5 13. Bf2 g4 14. a4 h5 15. c5 h4
16. h3 g3 17. Bg1 O-O 18. Nc1 Nh7 19. Nb3 Ng5 20. Rc1 Bd7 21. Na5 Qc8 22. Rc2
Bxh3 23. gxh3 Nxh3 24. Qf1 Nxg1 25. Rxh4 dxc5 26. Qxg1 cxb4 27. Nb5 Qd8 28. Rg4
c6 29. Nxb7 Qe7 30. dxc6 b3 31. Rc3 Qb4 32. Qc5 Qxa4 33. Qd5+ Kh7 34. Rh4+ Kg6
35. Qe6+ Rf6 36. Qg4+ Kf7 37. N7d6+ Kg8 38. c7 Qa1+ 39. Kd2 Qa2+ 40. Kd3 b2 41.
c8=Q+ Rxc8 42. Rxc8+ Rf8 43. Rxf8+ Kxf8 44. Qc8+ Ke7 45. Qc7+ Kf6 46. Ne8+ 1-0

[Event "III Open A"]
[Site "Livorno ITA"]
[Date "2007.06.17"]
[Round "2"]
[White "Djuric, Stefan"]
[Black "Hautala, Roman"]
[Result "1-0"]
[WhiteElo "2460"]
[BlackElo "2235"]
[PlyCount "66"]
[EventDate "2007.06.16"]

1. e4 Nf6 2. e5 Nd5 3. d4 d6 4. Nf3 Bg4 5. Be2 e6 6. O-O Be7 7. h3 Bh5 8. c4
Nb6 9. Nc3 O-O 10. exd6 cxd6 11. Bf4 Nc6 12. d5 exd5 13. cxd5 Bxf3 14. Bxf3 Ne5
15. Be4 Nbd7 16. Rc1 Qb6 17. Qc2 Nf6 18. Rfe1 Qa6 19. Bf5 g6 20. Bh6 Rfe8 21.
Qd2 Bf8 22. Bxf8 Kxf8 23. Qh6+ Kg8 24. Re3 Qb6 25. Rg3 Ned7 26. h4 Re5 27. Bxd7
Nxd7 28. h5 Rae8 29. hxg6 fxg6 30. Qd2 Rf8 31. Rh3 Nc5 32. Kh2 Qb4 33. a3 Qf4+
1-0

[Event "III Open A"]
[Site "Livorno ITA"]
[Date "2007.06.17"]
[Round "2"]
[White "Gazzarri, Leonardo"]
[Black "Franceschi, Riccardo"]
[Result "1-0"]
[WhiteElo "1845"]
[BlackElo "2196"]
[PlyCount "53"]
[EventDate "2007.06.16"]

1. e4 d5 2. exd5 Qxd5 3. Nc3 Qa5 4. d4 c6 5. Bc4 Nf6 6. Bd2 Bf5 7. Nf3 e6 8.
Qe2 Bb4 9. O-O-O Nd5 10. Nxd5 Bxd2+ 11. Rxd2 cxd5 12. Bb3 Nc6 13. Nh4 Bg6 14.
Re1 O-O 15. Nxg6 hxg6 16. Qg4 Rac8 17. c3 b5 18. Rxe6 Nb4 19. Kb1 fxe6 20.
Qxe6+ Kh7 21. Qh3+ Kg8 22. Qe6+ Kh7 23. cxb4 Qd8 24. Rd3 Rf5 25. g4 Rc1+ 26.
Kxc1 Qg5+ 27. Qe3 1-0

[Event "III Open A"]
[Site "Livorno ITA"]
[Date "2007.06.17"]
[Round "2"]
[White "Giuntoli, Andrea"]
[Black "Wagman, Stuart"]
[Result "0-1"]
[WhiteElo "2084"]
[BlackElo "2112"]
[PlyCount "82"]
[EventDate "2007.06.16"]

1. e4 e5 2. Nf3 Nc6 3. d4 exd4 4. Nxd4 Nf6 5. Nxc6 bxc6 6. Bd3 d5 7. e5 Ng4 8.
O-O Bc5 9. Bf4 g5 10. Bg3 h5 11. Be2 h4 12. Bxg4 hxg3 13. hxg3 Be6 14. Bxe6
fxe6 15. Qg4 Qe7 16. Nd2 Kd7 17. Nf3 Qh7 18. Qh3 Qxc2 19. Qg4 Qh7 20. Qh3 Qg6
21. Qg4 Qh7 22. Qh3 Qxh3 23. gxh3 Rxh3 24. Kg2 Rh5 25. Rac1 Be7 26. g4 Rh7 27.
Rh1 Rah8 28. Rxh7 Rxh7 29. a4 Rh8 30. Nd2 Rb8 31. Rb1 Rb4 32. f3 Rxa4 33. Kf2
c5 34. Ke2 c4 35. b3 Ra2 36. bxc4 dxc4 37. Kd1 c3 38. Nc4 Kc6 39. Ne3 Bc5 40.
Rc1 Bxe3 41. Rxc3+ Bc5 0-1

[Event "III Open A"]
[Site "Livorno ITA"]
[Date "2007.06.17"]
[Round "2"]
[White "Raiano, Andrea"]
[Black "Mrdja, Milan"]
[Result "0-1"]
[WhiteElo "2230"]
[BlackElo "2367"]
[PlyCount "78"]
[EventDate "2007.06.16"]

1. e4 c5 2. Nc3 Nc6 3. h3 g6 4. d3 Bg7 5. Be3 Nd4 6. Qd2 Qa5 7. Nge2 e6 8. Bf4
Ne7 9. Nc1 e5 10. Bg5 f6 11. Be3 d6 12. h4 h5 13. Nb3 Nxb3 14. cxb3 Be6 15. Be2
Bxb3 16. g4 hxg4 17. Bxg4 f5 18. Bf3 f4 19. Qc1 Be6 20. Bd2 Qc7 21. b4 b6 22.
Qd1 Qd7 23. Rb1 Bf6 24. h5 g5 25. Rg1 Kf7 26. Nd5 Rag8 27. Nxf6 Kxf6 28. Bc3
Nc6 29. Rh1 Nd4 30. h6 g4 31. Bxd4 cxd4 32. Be2 Rg6 33. Rg1 Rhxh6 34. Rc1 Rh8
35. b5 Qxb5 36. Rc7 Qa5+ 37. Kf1 Rh2 38. Rc6 g3 39. fxg3 Bh3+ 0-1

[Event "III Open A"]
[Site "Livorno ITA"]
[Date "2007.06.17"]
[Round "2"]
[White "Sciortino, Massimo"]
[Black "Vrami, Ymer"]
[Result "1-0"]
[WhiteElo "2254"]
[BlackElo "1706"]
[PlyCount "69"]
[EventDate "2007.06.16"]

1. e4 d6 2. d4 Nc6 3. Nf3 Bg4 4. Be2 e6 5. Nc3 Be7 6. Be3 Nf6 7. O-O O-O 8. Qd2
a6 9. Rfe1 Re8 10. Rad1 Rb8 11. d5 Bxf3 12. gxf3 exd5 13. Nxd5 Nxd5 14. Qxd5
Bf6 15. c3 Qe7 16. Kh1 Qe5 17. Qd2 Rbd8 18. Rg1 g6 19. Bf4 Qe7 20. c4 Nd4 21.
b3 Be5 22. Bg5 Bf6 23. Bxf6 Qxf6 24. Qxd4 Re5 25. Rg4 Qe6 26. Rdg1 f5 27. exf5
Rxf5 28. Bd3 Rf6 29. Re4 Qf7 30. Rge1 c5 31. Qb2 Re6 32. Qe2 Re5 33. Rxe5 dxe5
34. Be4 Qf4 35. Bd5+ 1-0

[Event "III Open A"]
[Site "Livorno ITA"]
[Date "2007.06.17"]
[Round "2"]
[White "Soventi, Maurizio"]
[Black "Gazzarri, Alberto"]
[Result "1-0"]
[WhiteElo "1838"]
[BlackElo "2096"]
[PlyCount "84"]
[EventDate "2007.06.16"]

1. e4 e5 2. Nf3 Nc6 3. Bb5 Bc5 4. c3 Nf6 5. d4 Bb6 6. O-O O-O 7. Re1 exd4 8.
cxd4 d5 9. e5 Ne4 10. Nc3 Nxf2 11. Kxf2 Nxd4 12. Kf1 Bg4 13. Be2 Nxf3 14. Bxf3
Qh4 15. Be3 Bxf3 16. Qxf3 Bxe3 17. Rxe3 d4 18. Re4 Qxh2 19. Ne2 Rad8 20. Rd1 c5
21. Ng3 f5 22. Rf4 g5 23. Rxf5 Rxf5 24. Nxf5 Qxe5 25. Re1 Qf4 26. Qxf4 gxf4 27.
Kf2 Kf7 28. Kf3 Kf6 29. Kxf4 d3 30. g4 d2 31. Rd1 b5 32. Ne3 Rd4+ 33. Kf3 Ke5
34. Ke2 c4 35. Rxd2 Rxd2+ 36. Kxd2 Kf4 37. Ke2 a5 38. a3 Kg3 39. a4 bxa4 40.
Nxc4 Kxg4 41. Nxa5 Kf4 42. Nb7 Ke4 1-0

[Event "III Open A"]
[Site "Livorno ITA"]
[Date "2007.06.17"]
[Round "2"]
[White "Valbuena, Oliver"]
[Black "Frugoli, Francesco"]
[Result "0-1"]
[WhiteElo "1936"]
[BlackElo "2121"]
[PlyCount "102"]
[EventDate "2007.06.16"]

1. d4 Nf6 2. c4 e6 3. Nc3 c5 4. d5 exd5 5. Nxd5 Nxd5 6. Qxd5 d6 7. Bg5 Qa5+ 8.
Qd2 Qxd2+ 9. Bxd2 Be7 10. Bc3 O-O 11. e3 Be6 12. Nf3 Nc6 13. a3 d5 14. cxd5
Bxd5 15. Bd3 Rad8 16. O-O-O Rfe8 17. h4 a6 18. h5 h6 19. Rhg1 b5 20. e4 Bb3 21.
Bc2 Bxc2 22. Kxc2 b4 23. axb4 cxb4 24. Bd4 Rc8 25. Kb3 Nxd4+ 26. Rxd4 Bc5 27.
Rc4 Bxf2 28. Rxc8 Rxc8 29. Ra1 Rc6 30. Kxb4 Bg3 31. Rd1 Rc2 32. Rd8+ Kh7 33.
Rd2 Be1 34. Kb3 Rxd2 35. Nxd2 Bxd2 36. Kc4 a5 37. Kd5 Kg8 38. Kd6 Kf8 39. Kd7
a4 40. Kc6 Bc1 41. Kb5 Bxb2 42. Kxa4 Ke7 43. Kb3 Ba1 44. Kc4 Ke6 45. Kd3 Ke5
46. Ke3 Bd4+ 47. Kf3 Bb2 48. Ke3 Bc1+ 49. Kf3 Kd4 50. g3 Bg5 51. g4 Bc1 0-1

[Event "III Open A"]
[Site "Livorno ITA"]
[Date "2007.06.17"]
[Round "3"]
[White "Bardi, Massimo"]
[Black "Giuntoli, Andrea"]
[Result "1-0"]
[WhiteElo "2072"]
[BlackElo "2084"]
[PlyCount "69"]
[EventDate "2007.06.16"]

1. e4 e5 2. Nc3 Nf6 3. f4 d5 4. fxe5 Nxe4 5. Nf3 Bg4 6. d4 Bb4 7. Qd3 Nc6 8.
Be2 Bxc3+ 9. bxc3 Qe7 10. O-O O-O 11. a4 Rfe8 12. Ba3 Qd8 13. c4 Ng5 14. cxd5
Bxf3 15. Bxf3 Ne7 16. c4 Ng6 17. Bh5 Nh8 18. h4 g6 19. Bd1 Ne6 20. dxe6 fxe6
21. Qe4 b6 22. Bb3 Nf7 23. Qf4 Qd7 24. Rae1 c6 25. h5 Rad8 26. hxg6 hxg6 27.
Re4 Nh8 28. Qg4 Qg7 29. Rf6 Rc8 30. Bd6 Rcd8 31. c5 bxc5 32. dxc5 Rd7 33. Bxe6+
Rxe6 34. Qxe6+ Rf7 35. Rh4 1-0

[Event "III Open A"]
[Site "Livorno ITA"]
[Date "2007.06.17"]
[Round "3"]
[White "Franceschi, Riccardo"]
[Black "Soventi, Maurizio"]
[Result "1-0"]
[WhiteElo "2196"]
[BlackElo "1838"]
[PlyCount "79"]
[EventDate "2007.06.16"]

1. e4 e6 2. Qe2 c5 3. Nf3 Nc6 4. g3 Be7 5. Bg2 d5 6. d3 Nf6 7. O-O O-O 8. Nbd2
Re8 9. Rd1 Qc7 10. c4 d4 11. Rf1 Bd6 12. Nb3 h6 13. Bd2 e5 14. Nh4 Ne7 15. f4
Bg4 16. Qf2 exf4 17. Bxf4 Bxf4 18. gxf4 Bd7 19. h3 Rab8 20. Nd2 Qc8 21. Kh2 Nc6
22. e5 Nh7 23. Ne4 Qc7 24. Nxc5 g5 25. Nxd7 Qxd7 26. fxg5 hxg5 27. Nf5 Nxe5 28.
Bd5 Qc7 29. Qg3 Kh8 30. Nxd4 Qb6 31. Nb3 f6 32. Be4 Rbd8 33. c5 Qa6 34. Rfd1
Re7 35. d4 Nc6 36. Bd3 Qa4 37. Re1 Rxe1 38. Rxe1 Qxa2 39. Qc7 Qxb2+ 40. Re2 1-0

[Event "III Open A"]
[Site "Livorno ITA"]
[Date "2007.06.17"]
[Round "3"]
[White "Gazzarri, Alberto"]
[Black "Valbuena, Oliver"]
[Result "1/2-1/2"]
[WhiteElo "2096"]
[BlackElo "1936"]
[PlyCount "50"]
[EventDate "2007.06.16"]

1. e4 c5 2. c3 Nf6 3. e5 Nd5 4. d4 cxd4 5. cxd4 e6 6. Nc3 Nxc3 7. bxc3 d6 8. f4
dxe5 9. fxe5 Qh4+ 10. g3 Qe4+ 11. Kf2 Qxh1 12. Nf3 Bd7 13. Qb3 Bc6 14. Bg2 Bxf3
15. Kxf3 Qxh2 16. Qxb7 Be7 17. Qc8+ Bd8 18. Ba3 Qh5+ 19. Ke3 Qh6+ 20. Ke2 f5
21. Bxa8 Qh2+ 22. Kf3 Kf7 23. d5 Qh5+ 24. Kg2 Qe2+ 25. Kh3 Qh5+ 1/2-1/2

[Event "III Open A"]
[Site "Livorno ITA"]
[Date "2007.06.17"]
[Round "3"]
[White "Hautala, Roman"]
[Black "Corso, Roberto"]
[Result "1-0"]
[WhiteElo "2235"]
[BlackElo "2101"]
[PlyCount "79"]
[EventDate "2007.06.16"]

1. e4 c6 2. d4 d5 3. Nc3 dxe4 4. Nxe4 Bf5 5. Ng3 Bg6 6. h4 h6 7. Nf3 Nd7 8. h5
Bh7 9. Bd3 Bxd3 10. Qxd3 e6 11. Bd2 Ngf6 12. O-O-O Qc7 13. Ne4 Nxe4 14. Qxe4
Nf6 15. Qe2 Bd6 16. g3 O-O-O 17. Kb1 Rhe8 18. c4 c5 19. Bc3 a6 20. dxc5 Bxc5
21. Ne5 Rxd1+ 22. Rxd1 Rd8 23. Rxd8+ Kxd8 24. g4 Ke8 25. f4 Qd6 26. a3 Bd4 27.
Bb4 Qb6 28. g5 hxg5 29. fxg5 Bxe5 30. Qxe5 Nxh5 31. Qb8+ Kd7 32. Qf8 Qg1+ 33.
Ka2 Qf1 34. Qe7+ Kc8 35. Qc5+ Kd7 36. g6 fxg6 37. Qd6+ Kc8 38. Qxe6+ Kc7 39.
Bd6+ Kc6 40. Bb8+ 1-0

[Event "III Open A"]
[Site "Livorno ITA"]
[Date "2007.06.17"]
[Round "3"]
[White "Riccio, Eros"]
[Black "Sciortino, Massimo"]
[Result "1-0"]
[WhiteElo "2164"]
[BlackElo "2254"]
[PlyCount "105"]
[EventDate "2007.06.16"]

1. d4 f5 2. Nf3 Nf6 3. c4 e6 4. Nc3 Be7 5. Bg5 O-O 6. Qc2 Ne4 7. Bxe7 Qxe7 8.
e3 Nc6 9. d5 Nb4 10. Qb3 a5 11. a3 Na6 12. Bd3 Nec5 13. Qc2 Nxd3+ 14. Qxd3 Nc5
15. Qc2 e5 16. d6 cxd6 17. O-O-O b6 18. Nb5 Ne4 19. Kb1 Bb7 20. Ne1 Bc6 21. f3
Bxb5 22. cxb5 Nc5 23. Qd2 Qe6 24. Qxd6 Kf7 25. Rd5 Rfe8 26. Nd3 Qxd6 27. Rxd6
Ke7 28. Rd5 Nxd3 29. Rxd3 Red8 30. Rhd1 d6 31. Rc3 Rac8 32. Rdc1 Rc5 33. a4
Rdc8 34. Rxc5 Rxc5 35. Re1 e4 36. fxe4 fxe4 37. Re2 Ke6 38. Ka2 Ke5 39. Ka3 d5
40. Rd2 Rc1 41. Re2 Rc4 42. Rf2 d4 43. exd4+ Kxd4 44. Rf7 e3 45. Rd7+ Ke4 46.
Kb3 Rc5 47. Re7+ Re5 48. Rxe5+ Kxe5 49. Kc3 Kd5 50. Kd3 e2 51. Kxe2 Kc4 52. Ke3
Kb3 53. Kd4 1-0

[Event "III Open A"]
[Site "Livorno ITA"]
[Date "2007.06.17"]
[Round "3"]
[White "Vrami, Ymer"]
[Black "Contini, Davide"]
[Result "1/2-1/2"]
[WhiteElo "1706"]
[BlackElo "2167"]
[PlyCount "69"]
[EventDate "2007.06.16"]

1. d4 Nf6 2. Nf3 e6 3. Bg5 d5 4. g3 c5 5. c3 Nc6 6. Bg2 h6 7. Bxf6 Qxf6 8. O-O
Bd6 9. dxc5 Bxc5 10. Nbd2 O-O 11. e3 Rd8 12. Nb3 Be7 13. Nbd4 a6 14. Qc2 e5 15.
Nxc6 bxc6 16. e4 Bg4 17. Qe2 d4 18. h3 Bxf3 19. Qxf3 Qxf3 20. Bxf3 dxc3 21.
bxc3 Rd3 22. Kg2 Rxc3 23. Rfc1 Rxc1 24. Rxc1 c5 25. Be2 a5 26. a4 Rb8 27. Bb5
Rd8 28. Rc2 g6 29. Kf1 Rd4 30. f3 Bd6 31. Ke2 Kg7 32. Rd2 f5 33. Ke3 Be7 34.
Rxd4 cxd4+ 35. Kd3 1/2-1/2